[Event "SVK-chT2D 2122"]
[Site "Slovakia"]
[Date "2022.05.01"]
[Round "11.6"]
[White "Belis, Rudolf"]
[Black "Mobarsham, Said"]
[Result "1/2-1/2"]
[WhiteElo "1895"]
[BlackElo "1000"]
[PlyCount "72"]
[EventDate "2021.10.16"]
[EventType "team-tourn"]
[EventRounds "11"]
[EventCountry "SVK"]
[SourceTitle "EXT 2023"]
[Source "ChessBase"]
[SourceDate "2022.10.05"]
[SourceVersion "1"]
[SourceVersionDate "2022.10.05"]
[SourceQuality "1"]
[WhiteTeam "Presov Tatran Dason"]
[BlackTeam "Kosice Slavia UPJS III"]
[WhiteTeamCountry "SVK"]
[BlackTeamCountry "SVK"]

1. d4 Nf6 2. Bf4 g6 3. Qd2 h6 4. Nc3 d6 5. e4 Bg7 6. f3 c6 7. g4 Nbd7 8. Nge2 Qa5 9. Ng3 Nb6 10. h4 e5 11. dxe5 dxe5 12. Be3 Be6 13. Rd1 Nc4 14. Bxc4 Bxc4 15. h5 g5 16. Nf5 0-0 17. Bxg5 Rad8 18. Qc1 Rxd1+ 19. Kxd1 hxg5 20. Qxg5 Rd8+ 21. Kc1 Ne8 22. Nxg7 f6 23. Qg6 Bf7 24. Qh6 Nxg7 25. Qxf6 Ne8 26. Qf5 Qb6 27. g5 Qe3+ 28. Kb1 Ng7 29. Qg4 Be6 30. Qg3 Qd4 31. Ne2 Qc4 32. Nc1 Rd2 33. Qxe5 Qxc2+ 34. Ka1 Bxa2 35. Kxa2 Qa4+ 36. Kb1 Qc2+ 1/2-1/2